ESSENTIOLAS OF MICROBIOLOGY ORGANISM BASED (Record no. 33714)

MARC details
000 -LEADER
fixed length control field 00405nam a22001697a 4500
003 - CONTROL NUMBER IDENTIFIER
control field SGT
020 ## - INTERNATIONAL STANDARD BOOK NUMBER
International Standard Book Number 9789356968486
082 ## - DEWEY DECIMAL CLASSIFICATION NUMBER
Classification number 616.01
Item number E25S
100 ## - MAIN ENTRY--PERSONAL NAME
Personal name SASTRY, APURBA S.
245 ## - TITLE STATEMENT
Title ESSENTIOLAS OF MICROBIOLOGY ORGANISM BASED
250 ## - EDITION STATEMENT
Edition statement 1ST
260 ## - PUBLICATION, DISTRIBUTION, ETC. (IMPRINT)
Place of publication, distribution, etc INDIA
Name of publisher, distributor, etc JAYPEE PUB
Year of Publication 2025
300 ## - PAGE DESCRIPTION
No. of Pages 398
650 ## - SUBJECT ADDED ENTRY--TOPICAL TERM
Topical term or geographic name as entry element MICROBIOLOGY
653 ## - KEYWORDS--INDEX TERM
Keyword term MICROBIOLOGY ORGANISM BASED
942 ## - ADDED ENTRY ELEMENTS (KOHA)
Source of classification or shelving scheme Dewey Decimal Classification
Koha item type Books
Holdings
Withdrawn status Lost status Source of classification or shelving scheme Damaged status Not for loan Collection code Home library Current library Shelving location Date acquired Vendor Name Cost, normal purchase price SGTU Bill Number Full call number Accession No. (Barcode) Date last seen Bill Date Koha item type Total Checkouts Date last borrowed Checked out
    Dewey Decimal Classification   Not For Loan MEDICAL SGT Medical Library SGT Medical Library Reference Book 29/11/2025 ABC DELHI 795.00 SGTU 22053 616.01 E25S FM16151 29/01/2026 29/11/2025 Books      
    Dewey Decimal Classification     MEDICAL SGT Medical Library SGT Medical Library Text Book 29/11/2025 ABC DELHI 795.00 SGTU 22053 616.01 E25S FM16152 29/01/2026 29/11/2025 Books      
    Dewey Decimal Classification     MEDICAL SGT Medical Library SGT Medical Library Text Book 29/11/2025 ABC DELHI 795.00 SGTU 22053 616.01 E25S FM16153 13/05/2026 29/11/2025 Books 1 04/05/2026  
    Dewey Decimal Classification     MEDICAL SGT Medical Library SGT Medical Library Text Book 29/11/2025 ABC DELHI 795.00 SGTU 22053 616.01 E25S FM16154 13/05/2026 29/11/2025 Books 1 04/05/2026  
    Dewey Decimal Classification     MEDICAL SGT Medical Library SGT Medical Library Text Book 29/11/2025 ABC DELHI 795.00 SGTU 22053 616.01 E25S FM16155 05/05/2026 29/11/2025 Books 1 05/05/2026 19/05/2026